Šľachtenie lesných drevín v Juhoslávii

Bibliographic Details
Main Author: Holubčík, Milan, 1925-1982 (Author)
Format: Article
Language:Slovak

MARC

LEADER 00000nab a2200000uu 4500
001 vtls011501688
003 SK-MaSNL
005 20260303112533.0
008 230121|1966 xo |||||||||||||||||slo|
015 |a SNBRB 
035 |a (urnnbn)urn:nbn:sk:snk:ar-a0agin 
035 |a (uuid)cc7def89-d143-4115-9000-d95a1d296890 
035 |a urn:nbn:sk:snk-abdvz3 
040 |a SNKBUCL  |b slo  |c SNKBUCL  |e AACR2 
041 0 |a slo 
044 |a xo  |c SK 
100 1 |a Holubčík, Milan,  |d 1925-1982  |4 aut  |9 118826 
245 1 0 |a Šľachtenie lesných drevín v Juhoslávii  |c Milan Holubčík 
773 0 |t Les : časopis pre lesné hospodárstvo  |g Roč. 22, č. 4 (1966), s. 186-188 
954 |a odborná, vedecká literatúra pôvodná (slovenská)  |2 lita 
958 |a OND 
958 |a EUIPO 
958 |a article20 
999 |c 1885295  |d 1887225